| 000 | 01303nab a2200241 i 4500 | ||
|---|---|---|---|
| 001 | 768714001 | ||
| 003 | CO-MdFUSB | ||
| 005 | 20240716080602.0 | ||
| 008 | 240716t2003 sz ||||| |||| 00| 0 eng d | ||
| 040 |
_bspa _cCO-MdFUSB _dCO-MdFUSB |
||
| 041 | _aeng | ||
| 100 |
_aRéamonn, Páraic, _eautor |
||
| 245 | 1 |
_aConfessing unity : _ba reformed perspective on ecumenism _c/ Páraic Réamonn |
|
| 520 | _aExiste un problema dentro de las iniciativas ecuménicas. Las diferencias no están sólo en la doctrina teológica y las diferentes tradiciones de la vida y el pensamiento de la iglesia: hay casi tantas visiones ecuménicas diferentes en el ecumenismo como tradiciones de la iglesia. A continuación, se presenta la visión ecuménica desde un punto de vista reformado. En primer plano se encuentran los fundamentos teológicos de esta visión y su íntima conexión con la eclesiología reformada. | ||
| 546 | _aTexto en inglés. | ||
| 630 | 0 | _aEcumenismo e humanismo, | |
| 650 | 7 |
_aIglesia _9655 |
|
| 650 | 7 |
_aTeología dogmática _96937 |
|
| 650 | 7 |
_aReforma _9221 |
|
| 773 | 0 |
_049396 _959522 _dGinebra _oR1167 _tReformed World _w(CO-MdFUSB)38 _x0034-3056 _gVolumen 53, (número 4, 2003) páginas: 170 - 180 _qpágina: 170 |
|
| 942 | _cANA | ||
| 945 | _aCatherine Arias Álvarez - Practicante SENA | ||
| 999 |
_c70492 _d70492 |
||